El renacimiento italiano

שמור ב:
מידע ביבליוגרפי
מחבר ראשי: Garín, Eugenio (autor)
פורמט: ספר
שפה:ספרדית
יצא לאור: Barcelona Ariel 1986
סדרה:Ariel, 58
נושאים:
תגים: הוספת תג
אין תגיות, היה/י הראשונ/ה לתייג את הרשומה!

MARC

LEADER 00000nam a2200000 a 4500
001 UCX1269
003 CL-VaPUC
008 900710e19860000SP |||||||||||||||||spa|d
082 0 4 |a 945.05  |b GAR  |2 21 
100 |a Garín, Eugenio  |e autor  |9 491158 
245 1 3 |a El renacimiento italiano 
300 |a 266 p 
942 |c BK 
945 |d 19900710 00:00:00 
260 |a Barcelona  |b Ariel  |c 1986 
650 0 |a Renacimiento  |9 255107 
651 0 |a Italia  |9 254949 
583 |a last modification  |c 19900710 00:00:00  |k Rodrigo Vera 
490 0 |a Ariel, 58 
999 |c 222539  |d 222537 
952 |0 0  |1 0  |4 0  |6 945_050000000000000_GAR_1986  |7 0  |8 A  |9 217469  |a BIBHIS  |b BIBHIS  |d 2019-11-15  |i 2863936  |l 1  |m 1  |o 945.05 GAR 1986  |p 2863936  |r 2025-01-20  |s 2023-08-16  |w 2019-11-15  |y BK  |k HIS